01278nas a2200337 4500001001300000003000900013005001700022007000300039008003400042040005400076041000900130072001300139100002100152100002400173100002000197100002100217100002200238100001800260245010800278650001500386650002300401650000900424650001500433773013000448856008600578856003400664909004000698942001800738999001900756952016500775BR2021000269BR-BrBNA20231205132137.0ta230509b bl.|||p| |||| 00| 00por d aBR-BrBNAbporcBiblioteca Nacional de Agricultura a(Pt) aK10; U101 aSantos, R.O. dos1 aAraújo, C.C.S. de1 aTavares, H.V.B.1 aSilva, D.A.S. da1 aOliveira, C.P. de1 aLima, R.B. de1 aModelagem do rendimento em madeira serrada para espécies comerciais em serrarias do estado do Amapá aAMAZÔNIA aREGRESSÃO LINEAR aTORA aRENDIMENTO0 tNativa. Pesquisas Agrárias e Ambientais (Brazil)xISSN 2318-7670g(Dec 2017), v. 5(special number) p. 612-618wBR202100026940uhttps://periodicoscientificos.ufmt.br/ojs/index.php/nativa/article/view/4599/472940dLink DSPACE/MAPA BR2021000269 a202311bLúciac55dLúcia Elande 2AGRISn0cANA c258722d258722 002AGRIS4071a41918b41918cPeriódicos Agrícolash(Dec 2017), v. 5(special number) p. 612-618l0r2023-11-29t01yCRePortaria Interministerial nº 164/94